[Event "DEM U14w 2024"]
[Site "Willingen GER"]
[Date "2024.05.22"]
[Round "5"]
[White "Färber, Anna"]
[Black "Funke, Luise"]
[Result "1-0"]
[Termination "normal"]
[Board "11"]
[WhiteElo "1661"]
[BlackElo "1330"]
[WhiteClock "00:45:32"]
[BlackClock "00:24:51"]
[PlyCount "75"]
[WhiteFideId "34633480"]
[BlackFideId "34623752"]
[EventCountry "GER"]
[EventRounds "9"]
[EventType "swiss"]
[EventDate "2024.05.18"]

1. e4 {[%clk 01:30:51]} {[%emt 00:00:07]} e5 {[%clk 01:30:52]} {[%emt
00:00:08]} 2. Nf3 {[%clk 01:31:15]} {[%emt 00:00:06]} Nc6 {[%clk 01:31:15]}
{[%emt 00:00:08]} 3. Bb5 {[%clk 01:31:40]} {[%emt 00:00:05]} a6 {[%clk
01:31:32]} {[%emt 00:00:13]} 4. Ba4 {[%clk 01:32:05]} {[%emt 00:00:05]} b5
{[%clk 01:31:35]} {[%emt 00:00:26]} 5. Bb3 {[%clk 01:32:27]} {[%emt 00:00:09]}
Nf6 {[%clk 01:31:51]} {[%emt 00:00:14]} 6. O-O {[%clk 01:32:44]} {[%emt
00:00:13]} Bc5 {[%clk 01:25:34]} {[%emt 00:06:47]} 7. c3 {[%clk 01:32:37]}
{[%emt 00:00:37]} O-O {[%clk 01:22:37]} {[%emt 00:03:28]} 8. d4 {[%clk
01:30:26]} {[%emt 00:02:40]} exd4 {[%clk 01:22:19]} {[%emt 00:00:48]} 9. cxd4
{[%clk 01:30:42]} {[%emt 00:00:14]} Bb6 {[%clk 01:21:50]} {[%emt 00:00:59]} 10.
e5 {[%clk 01:26:39]} {[%emt 00:04:33]} Ne8 {[%clk 01:19:47]} {[%emt 00:02:32]}
11. Bg5 {[%clk 01:24:31]} {[%emt 00:02:39]} Ne7 {[%clk 01:18:55]} {[%emt
00:01:22]} 12. Nc3 {[%clk 01:22:44]} {[%emt 00:02:17]} c6 {[%clk 01:12:55]}
{[%emt 00:06:30]} 13. d5 {[%clk 01:21:57]} {[%emt 00:01:17]} d6 {[%clk
01:06:10]} {[%emt 00:07:14]} 14. dxc6 {[%clk 01:15:41]} {[%emt 00:06:47]} Be6
{[%clk 01:02:26]} {[%emt 00:04:14]} 15. exd6 {[%clk 01:06:34]} {[%emt
00:09:37]} Nxd6 {[%clk 01:01:37]} {[%emt 00:01:19]} 16. Bxe6 {[%clk 01:06:10]}
{[%emt 00:00:54]} fxe6 {[%clk 01:01:29]} {[%emt 00:00:37]} 17. Qe2 {[%clk
01:06:01]} {[%emt 00:00:38]} Ndf5 {[%clk 00:51:43]} {[%emt 00:10:17]} 18. Qxe6+
{[%clk 01:04:36]} {[%emt 00:01:56]} Kh8 {[%clk 00:50:19]} {[%emt 00:01:54]} 19.
Rfe1 {[%clk 00:57:25]} {[%emt 00:07:40]} Re8 {[%clk 00:47:39]} {[%emt
00:03:11]} 20. Ne5 {[%clk 00:53:54]} {[%emt 00:04:01]} Rf8 {[%clk 00:36:46]}
{[%emt 00:11:23]} 21. Nf7+ {[%clk 00:51:40]} {[%emt 00:02:44]} Rxf7 {[%clk
00:37:04]} {[%emt 00:00:12]} 22. Qxf7 {[%clk 00:52:06]} {[%emt 00:00:04]} Bc5
{[%clk 00:32:36]} {[%emt 00:04:57]} 23. Rad1 {[%clk 00:51:02]} {[%emt
00:01:34]} Qb6 {[%clk 00:28:18]} {[%emt 00:04:48]} 24. Ne4 {[%clk 00:49:04]}
{[%emt 00:02:29]} Bb4 {[%clk 00:24:54]} {[%emt 00:03:54]} 25. Bxe7 {[%clk
00:45:43]} {[%emt 00:03:51]} Nxe7 {[%clk 00:24:42]} {[%emt 00:00:42]} 26. Nc3
{[%clk 00:45:39]} {[%emt 00:00:34]} Qc7 {[%clk 00:24:30]} {[%emt 00:00:42]} 27.
Rd7 {[%clk 00:44:47]} {[%emt 00:01:22]} Qxc6 {[%clk 00:24:20]} {[%emt
00:00:40]} 28. Rdxe7 {[%clk 00:44:51]} {[%emt 00:00:26]} Bxe7 {[%clk 00:24:23]}
{[%emt 00:00:27]} 29. Qxe7 {[%clk 00:45:07]} {[%emt 00:00:14]} Qg6 {[%clk
00:23:01]} {[%emt 00:01:51]} 30. Qe4 {[%clk 00:43:02]} {[%emt 00:02:36]} Qf7
{[%clk 00:22:40]} {[%emt 00:00:51]} 31. Qxa8+ {[%clk 00:43:23]} {[%emt
00:00:09]} Qg8 {[%clk 00:23:00]} {[%emt 00:00:10]} 32. Re8 {[%clk 00:43:45]}
{[%emt 00:00:08]} h6 {[%clk 00:23:20]} {[%emt 00:00:10]} 33. Rxg8+ {[%clk
00:44:07]} {[%emt 00:00:08]} Kh7 {[%clk 00:23:41]} {[%emt 00:00:09]} 34. Rh8+
{[%clk 00:44:08]} {[%emt 00:00:29]} Kg6 {[%clk 00:24:03]} {[%emt 00:00:07]} 35.
Qe4+ {[%clk 00:44:33]} {[%emt 00:00:05]} Kf6 {[%clk 00:24:14]} {[%emt
00:00:19]} 36. Rf8+ {[%clk 00:44:57]} {[%emt 00:00:06]} Kg5 {[%clk 00:24:33]}
{[%emt 00:00:11]} 37. Qf5+ {[%clk 00:45:08]} {[%emt 00:00:20]} Kh4 {[%clk
00:24:51]} {[%emt 00:00:11]} 38. g3# {[%clk 00:45:32]} {[%emt 00:00:06]} 1-0

[Event "DEM U14w 2024"]
[Site "Willingen GER"]
[Date "2024.05.22"]
[Round "5"]
[White "Hamati, Emeli"]
[Black "Richter, Anastasia"]
[Result "0-1"]
[Termination "normal"]
[Board "12"]
[WhiteElo "853"]
[BlackElo "1562"]
[WhiteClock "00:30:45"]
[BlackClock "00:28:16"]
[PlyCount "114"]
[WhiteFideId "533000662"]
[BlackFideId "34659099"]
[EventCountry "GER"]
[EventRounds "9"]
[EventType "swiss"]
[EventDate "2024.05.18"]

1. e4 {[%clk 01:30:58]} {[%emt 00:00:01]} e5 {[%clk 01:30:55]} {[%emt
00:00:06]} 2. d4 {[%clk 01:31:23]} {[%emt 00:00:04]} exd4 {[%clk 01:31:19]}
{[%emt 00:00:06]} 3. Qxd4 {[%clk 01:31:47]} {[%emt 00:00:07]} Nc6 {[%clk
01:30:55]} {[%emt 00:00:54]} 4. Qe3 {[%clk 01:31:47]} {[%emt 00:00:29]} Nf6
{[%clk 01:31:16]} {[%emt 00:00:09]} 5. Bd2 {[%clk 01:32:04]} {[%emt 00:00:12]}
Be7 {[%clk 01:29:56]} {[%emt 00:01:51]} 6. Nc3 {[%clk 01:32:21]} {[%emt
00:00:13]} O-O {[%clk 01:26:01]} {[%emt 00:04:26]} 7. O-O-O {[%clk 01:32:43]}
{[%emt 00:00:07]} b6 {[%clk 01:14:45]} {[%emt 00:11:46]} 8. Qg3 {[%emt
00:02:37]} d6 {[%clk 01:05:55]} {[%emt 00:09:18]} 9. Bc4 {[%clk 01:24:14]}
{[%emt 00:06:54]} Ne5 {[%clk 00:52:10]} {[%emt 00:14:15]} 10. Bd5 {[%clk
01:20:36]} {[%emt 00:04:07]} c6 {[%clk 00:34:10]} {[%emt 00:18:30]} 11. f4
{[%clk 01:01:53]} {[%emt 00:19:14]} cxd5 {[%clk 00:19:18]} {[%emt 00:15:22]}
12. fxe5 {[%clk 01:01:55]} {[%emt 00:00:28]} dxe5 {[%clk 00:19:00]} {[%emt
00:00:48]} 13. exd5 {[%clk 00:58:18]} {[%emt 00:04:07]} Bd6 {[%clk 00:15:39]}
{[%emt 00:03:51]} 14. h4 {[%clk 00:40:45]} {[%emt 00:18:03]} e4 {[%clk
00:12:12]} {[%emt 00:03:56]} 15. Qe1 {[%clk 00:36:42]} {[%emt 00:04:33]} Re8
{[%clk 00:11:56]} {[%emt 00:00:46]} 16. Bg5 {[%clk 00:32:04]} {[%emt 00:05:09]}
Bf5 {[%clk 00:08:18]} {[%emt 00:04:06]} 17. h5 {[%clk 00:29:01]} {[%emt
00:03:35]} h6 {[%clk 00:07:08]} {[%emt 00:01:40]} 18. Bxf6 {[%clk 00:18:07]}
{[%emt 00:11:24]} Qxf6 {[%clk 00:07:28]} {[%emt 00:00:10]} 19. Nb5 {[%clk
00:15:28]} {[%emt 00:03:09]} Bf4+ {[%clk 00:06:37]} {[%emt 00:01:18]} 20. Kb1
{[%clk 00:14:43]} {[%emt 00:01:17]} e3 {[%clk 00:04:04]} {[%emt 00:03:04]} 21.
d6 {[%clk 00:13:14]} {[%emt 00:01:59]} Bxc2+ {[%clk 00:03:29]} {[%emt
00:01:05]} 22. Kxc2 {[%clk 00:08:41]} {[%emt 00:05:03]} Qf5+ {[%clk 00:03:41]}
{[%emt 00:00:18]} 23. Rd3 {[%clk 00:08:34]} {[%emt 00:00:36]} Qxb5 {[%clk
00:03:48]} {[%emt 00:00:21]} 24. d7 {[%clk 00:05:26]} {[%emt 00:03:41]} Red8
{[%clk 00:04:08]} {[%emt 00:00:08]} 25. Qd1 {[%clk 00:04:13]} {[%emt 00:01:45]}
Be5 {[%clk 00:03:26]} {[%emt 00:01:11]} 26. b3 {[%clk 00:03:53]} {[%emt
00:00:51]} Qc6+ {[%clk 00:02:34]} {[%emt 00:01:20]} 27. Kb1 {[%clk 00:03:10]}
{[%emt 00:01:15]} a5 {[%clk 00:01:46]} {[%emt 00:01:18]} 28. Ne2 {[%clk
00:01:19]} {[%emt 00:02:21]} a4 {[%clk 00:01:37]} {[%emt 00:00:39]} 29. Qc2
{[%clk 00:00:40]} {[%emt 00:01:10]} Qe4 {[%clk 00:00:51]} {[%emt 00:01:15]} 30.
Nc3 {[%clk 00:00:57]} {[%emt 00:00:13]} axb3 {[%clk 00:00:50]} {[%emt
00:00:31]} 31. axb3 {[%clk 00:01:04]} {[%emt 00:00:24]} Bxc3 {[%clk 00:01:05]}
{[%emt 00:00:14]} 32. Rxc3 {[%clk 00:01:14]} {[%emt 00:00:20]} Qxc2+ {[%clk
00:01:17]} {[%emt 00:00:18]} 33. Kxc2 {[%clk 00:01:34]} {[%emt 00:00:11]} Rxd7
{[%clk 00:01:41]} {[%emt 00:00:05]} 34. Re1 {[%clk 00:01:32]} {[%emt 00:00:32]}
Ra2+ {[%clk 00:01:48]} {[%emt 00:00:22]} 35. Kb1 {[%clk 00:01:46]} {[%emt
00:00:17]} Rxg2 {[%clk 00:01:38]} {[%emt 00:00:40]} 36. Rcxe3 {[%clk 00:02:02]}
{[%emt 00:00:14]} Rh2 {[%clk 00:01:34]} {[%emt 00:00:34]} 37. Re8+ {[%clk
00:02:16]} {[%emt 00:00:16]} Kh7 {[%clk 00:01:56]} {[%emt 00:00:07]} 38. R8e2
{[%clk 00:02:10]} {[%emt 00:00:37]} Rxh5 {[%clk 00:01:26]} {[%emt 00:01:01]}
39. Kb2 {[%clk 00:02:13]} {[%emt 00:00:26]} Rhd5 {[%clk 00:01:49]} {[%emt
00:00:06]} 40. Rc2 {[%clk 00:02:16]} {[%emt 00:00:28]} Rd2 {[%clk 00:02:04]}
{[%emt 00:00:12]} 41. Re2 {[%clk 00:01:59]} {[%emt 00:00:50]} Rxc2+ {[%clk
00:02:23]} {[%emt 00:00:12]} 42. Rxc2 {[%clk 00:02:17]} {[%emt 00:00:11]} f5
{[%clk 00:02:20]} {[%emt 00:00:30]} 43. Rc6 {[%clk 00:02:29]} {[%emt 00:00:19]}
Rf7 {[%clk 00:25:27]} {[%emt 00:07:24]} 44. Rxb6 {[%clk 00:32:40]} {[%emt
00:00:20]} f4 {[%clk 00:25:43]} {[%emt 00:00:14]} 45. Re6 {[%clk 00:31:56]}
{[%emt 00:01:14]} f3 {[%clk 00:25:33]} {[%emt 00:00:39]} 46. Re1 {[%clk
00:32:04]} {[%emt 00:00:22]} f2 {[%clk 00:25:30]} {[%emt 00:00:33]} 47. Rf1
{[%clk 00:31:48]} {[%emt 00:00:45]} g5 {[%clk 00:25:30]} {[%emt 00:00:31]} 48.
Kc2 {[%clk 00:30:59]} {[%emt 00:01:19]} g4 {[%clk 00:25:50]} {[%emt 00:00:11]}
49. Kd2 {[%clk 00:30:57]} {[%emt 00:00:31]} g3 {[%clk 00:25:55]} {[%emt
00:00:26]} 50. Ke3 {[%clk 00:31:12]} {[%emt 00:00:14]} g2 {[%clk 00:25:59]}
{[%emt 00:00:23]} 51. Rxf2 {[%clk 00:30:54]} {[%emt 00:00:50]} g1=Q {[%clk
00:26:18]} {[%emt 00:00:10]} 52. Kd4 {[%clk 00:30:55]} {[%emt 00:00:32]} Qxf2+
{[%clk 00:26:39]} {[%emt 00:00:08]} 53. Kc4 {[%clk 00:31:13]} {[%emt 00:00:12]}
Rc7+ {[%clk 00:26:58]} {[%emt 00:00:11]} 54. Kd5 {[%clk 00:30:54]} {[%emt
00:00:50]} Qd2+ {[%clk 00:27:14]} {[%emt 00:00:14]} 55. Ke6 {[%clk 00:31:05]}
{[%emt 00:00:18]} Rc1 {[%clk 00:27:35]} {[%emt 00:00:08]} 56. b4 {[%clk
00:30:59]} {[%emt 00:00:38]} Re1+ {[%clk 00:27:58]} {[%emt 00:00:08]} 57. Kf6
{[%clk 00:30:45]} {[%emt 00:00:43]} Qf2# {[%clk 00:28:16]} {[%emt 00:00:09]}
0-1

[Event "DEM U14w 2024"]
[Site "Willingen GER"]
[Date "2024.05.22"]
[Round "5"]
[White "Rafikova, Ailin"]
[Black "Abram, Kristina-Maria"]
[Result "1-0"]
[Termination "normal"]
[Board "13"]
[WhiteElo "1627"]
[BlackElo "1482"]
[WhiteClock "00:28:41"]
[BlackClock "01:03:08"]
[PlyCount "51"]
[WhiteFideId "34612173"]
[BlackFideId "16298349"]
[EventCountry "GER"]
[EventRounds "9"]
[EventType "swiss"]
[EventDate "2024.05.18"]

1. e4 {[%clk 01:30:59]} {[%emt 18:53:27]} e6 {[%clk 01:30:49]} {[%emt
00:00:12]} 2. d4 {[%clk 01:31:23]} {[%emt 00:00:05]} d5 {[%clk 01:31:13]}
{[%emt 00:00:06]} 3. Nd2 {[%clk 01:31:36]} {[%emt 00:00:17]} Bd7 {[%clk
01:31:09]} {[%emt 00:00:34]} 4. c3 {[%clk 01:30:15]} {[%emt 00:01:51]} a6
{[%clk 01:31:12]} {[%emt 00:00:27]} 5. Ngf3 {[%clk 01:28:14]} {[%emt 00:02:30]}
Ne7 {[%clk 01:29:28]} {[%emt 00:02:15]} 6. Ne5 {[%clk 01:25:44]} {[%emt
00:03:00]} Nbc6 {[%clk 01:28:46]} {[%emt 00:01:12]} 7. Nxd7 {[%clk 01:24:58]}
{[%emt 00:01:15]} Qxd7 {[%clk 01:29:04]} {[%emt 00:00:14]} 8. Bd3 {[%clk
01:23:29]} {[%emt 00:01:58]} Ng6 {[%clk 01:29:22]} {[%emt 00:00:12]} 9. Nf3
{[%clk 01:20:37]} {[%emt 00:03:21]} Be7 {[%clk 01:27:43]} {[%emt 00:02:09]} 10.
e5 {[%clk 01:18:37]} {[%emt 00:02:30]} Na5 {[%clk 01:24:22]} {[%emt 00:03:52]}
11. b3 {[%clk 01:14:16]} {[%emt 00:04:51]} Qc6 {[%clk 01:23:22]} {[%emt
00:01:26]} 12. Qc2 {[%clk 01:12:27]} {[%emt 00:02:23]} b5 {[%clk 01:21:29]}
{[%emt 00:02:23]} 13. O-O {[%clk 01:08:33]} {[%emt 00:04:24]} Qb6 {[%clk
01:18:39]} {[%emt 00:03:17]} 14. a3 {[%clk 01:00:37]} {[%emt 00:08:29]} O-O
{[%clk 01:14:22]} {[%emt 00:04:47]} 15. Be3 {[%clk 00:59:04]} {[%emt 00:02:02]}
Nb7 {[%clk 01:13:24]} {[%emt 00:01:28]} 16. b4 {[%clk 00:54:42]} {[%emt
00:04:53]} a5 {[%clk 01:12:16]} {[%emt 00:01:38]} 17. Qe2 {[%clk 00:51:52]}
{[%emt 00:03:20]} axb4 {[%clk 01:12:07]} {[%emt 00:00:39]} 18. axb4 {[%clk
00:52:07]} {[%emt 00:00:15]} c6 {[%clk 01:12:15]} {[%emt 00:00:21]} 19. Ng5
{[%clk 00:49:44]} {[%emt 00:02:53]} Bxg5 {[%clk 01:10:18]} {[%emt 00:02:27]}
20. Bxg5 {[%clk 00:49:03]} {[%emt 00:01:12]} h6 {[%clk 01:10:22]} {[%emt
00:00:26]} 21. Be3 {[%clk 00:47:26]} {[%emt 00:02:07]} Ne7 {[%clk 01:10:27]}
{[%emt 00:00:25]} 22. Qh5 {[%clk 00:43:22]} {[%emt 00:04:34]} f6 {[%clk
01:06:00]} {[%emt 00:04:56]} 23. Rxa8 {[%clk 00:35:43]} {[%emt 00:08:09]} Rxa8
{[%clk 01:05:27]} {[%emt 00:01:03]} 24. exf6 {[%clk 00:35:46]} {[%emt
00:00:27]} gxf6 {[%clk 01:05:18]} {[%emt 00:00:39]} 25. Bxh6 {[%clk 00:30:50]}
{[%emt 00:05:26]} Nd8 {[%clk 01:03:08]} {[%emt 00:02:41]} 26. Qe8# {[%clk
00:28:41]} {[%emt 00:02:39]} 1-0

[Event "DEM U14w 2024"]
[Site "Willingen GER"]
[Date "2024.05.22"]
[Round "5"]
[White "Eitel, Liz"]
[Black "Neumann, Anna-Lena"]
[Result "1-0"]
[Termination "normal"]
[Board "14"]
[WhiteElo "1602"]
[BlackElo "861"]
[WhiteClock "01:10:36"]
[BlackClock "00:46:48"]
[PlyCount "53"]
[WhiteFideId "34622195"]
[BlackFideId "34660321"]
[EventCountry "GER"]
[EventRounds "9"]
[EventType "swiss"]
[EventDate "2024.05.18"]

1. e4 {[%clk 01:30:59]} e5 {[%clk 01:30:54]} {[%emt 00:00:06]} 2. Nf3 {[%clk
01:31:24]} {[%emt 00:00:05]} Nc6 {[%clk 01:31:14]} {[%emt 00:00:10]} 3. Bb5
{[%clk 01:31:49]} {[%emt 00:00:05]} Nf6 {[%clk 01:30:45]} {[%emt 00:01:00]} 4.
O-O {[%clk 01:30:47]} {[%emt 00:01:31]} Bc5 {[%clk 01:30:51]} {[%emt 00:00:24]}
5. d3 {[%clk 01:30:33]} {[%emt 00:00:44]} O-O {[%clk 01:29:53]} {[%emt
00:01:27]} 6. c3 {[%clk 01:29:54]} {[%emt 00:01:10]} a6 {[%clk 01:27:41]}
{[%emt 00:02:42]} 7. Ba4 {[%clk 01:30:15]} {[%emt 00:00:10]} d6 {[%clk
01:27:50]} {[%emt 00:00:21]} 8. h3 {[%clk 01:30:25]} {[%emt 00:00:19]} h6
{[%clk 01:25:29]} {[%emt 00:02:51]} 9. Re1 {[%clk 01:30:18]} {[%emt 00:00:38]}
Be6 {[%clk 01:25:16]} {[%emt 00:00:42]} 10. d4 {[%clk 01:29:03]} {[%emt
00:01:45]} exd4 {[%clk 01:24:42]} {[%emt 00:01:04]} 11. cxd4 {[%clk 01:29:21]}
{[%emt 00:00:12]} Bb4 {[%clk 01:24:50]} {[%emt 00:00:23]} 12. Bd2 {[%clk
01:26:56]} {[%emt 00:02:54]} Bxd2 {[%clk 01:23:34]} {[%emt 00:01:45]} 13. Nbxd2
{[%clk 01:25:11]} {[%emt 00:02:16]} Nh5 {[%clk 01:18:32]} {[%emt 00:05:31]} 14.
d5 {[%clk 01:22:53]} {[%emt 00:02:49]} Bc8 {[%clk 01:17:19]} {[%emt 00:01:42]}
15. dxc6 {[%clk 01:23:02]} {[%emt 00:00:22]} b5 {[%clk 01:16:49]} {[%emt
00:01:00]} 16. Bb3 {[%clk 01:23:09]} {[%emt 00:00:22]} Qf6 {[%clk 01:14:25]}
{[%emt 00:02:53]} 17. e5 {[%clk 01:19:32]} {[%emt 00:04:09]} Qg6 {[%clk
01:12:18]} {[%emt 00:02:36]} 18. Bc2 {[%clk 01:18:16]} {[%emt 00:01:46]} f5
{[%clk 01:10:41]} {[%emt 00:02:06]} 19. Nh4 {[%clk 01:15:50]} {[%emt 00:02:58]}
Qg5 {[%clk 01:09:36]} {[%emt 00:01:34]} 20. Ndf3 {[%clk 01:15:01]} {[%emt
00:01:20]} Qf4 {[%clk 01:05:34]} {[%emt 00:04:29]} 21. Ng6 {[%clk 01:12:44]}
{[%emt 00:02:50]} Qb4 {[%clk 01:02:53]} {[%emt 00:03:08]} 22. Bb3+ {[%clk
01:12:41]} {[%emt 00:00:36]} Rf7 {[%clk 01:00:34]} {[%emt 00:02:48]} 23. Qd5
{[%clk 01:12:21]} {[%emt 00:00:51]} Kh7 {[%clk 00:53:42]} {[%emt 00:07:21]} 24.
Qxf7 {[%clk 01:12:19]} {[%emt 00:00:32]} d5 {[%clk 00:51:35]} {[%emt 00:02:34]}
25. Bxd5 {[%clk 01:10:40]} {[%emt 00:02:13]} f4 {[%clk 00:49:59]} {[%emt
00:02:05]} 26. Nf8+ {[%clk 01:10:36]} {[%emt 00:00:35]} Kh8 {[%clk 00:46:48]}
{[%emt 00:03:40]} 27. Qg8# {[%emt 00:00:10]} 1-0